000 00562nam a2200181 u 4500
001 000046600
005 20240226141827.0
008 170124s1987 sp a r 000 0 spa d
020 _a8476349378
040 _aDO-SdBNP
_bspa
_cBNPHU
082 _axxx
_bxxx
100 1 _aVerne, Julio,
_d1828-1905
_91073
240 1 3 _aUn capitaine de quinze ans
_lEspañol
245 1 0 _aUn capitán de quince años /
_cJulioVerne traducción Ramón Sopena.
260 _aBarcelona :
_bBruguera,
_c1987.
300 _a223 p. :
_bil. ;
_c22 cm.
700 1 2 _aSopena, Ramón
_etr.
_912814
999 _c46089
_d46089